Copa America 2015 - Chile - Estadísticas

Estadísticas generales
  • Esta prueba ha sido intentada 107 veces
  • La puntuación promedio es 9 de 23
Answers on the Grid
Answers color-coded by a green-red scale on the quiz's grid according to % correct below.
Alexis Sanchez
Angelo Henriquez
Arturo Vidal
Ben Brereton
Brayan Cortes
Carlos Ramona
Charles Aranguiz
Chorri Palacios
Claudio Bravo
Claudio Maldonado
David Pizarro
David Suazo
Eduardo Vargas
Enzo Roco
Esteban Paredes
Eugenio Mena
Fabian Orellana
Felipe Gutierrez
Francisco Silva
Gary Kagelmancher
Gary Medel
Gonzalo Jara
Guillero Maripan
Igor Lichnovsky
Jean Beausejour
Jhonny Herrera
Jorge Valdivia
Jose Pedro Fuenzalida
Junior Fernandez
La Joya Palacios
Marcelo Diaz
Matias Dituro
Matias Fernandez
Mauricio Isla
Mauricio Pinilla
Miiko Albornoz
Nicolas Castillo
Pablo Galdames
Paulo Garces
Victor Davila
 
Estadísticas de respuestas
Respuesta % Correcto
Alexis Sanchez
97%
Arturo Vidal
83%
Charles Aranguiz
67%
Claudio Bravo
63%
Eduardo Vargas
60%
Gary Medel
54%
Gonzalo Jara
44%
David Pizarro
43%
Marcelo Diaz
41%
Eugenio Mena
40%
Jean Beausejour
40%
Angelo Henriquez
34%
Jorge Valdivia
34%
Mauricio Isla
33%
Francisco Silva
27%
Jhonny Herrera
27%
Matias Fernandez
27%
Jose Pedro Fuenzalida
20%
Enzo Roco
19%
Fabian Orellana
19%
Felipe Gutierrez
11%
Miiko Albornoz
10%
Paulo Garces
4%
No se encontraron pruebas coincidentes
Distribución de puntuación
Porcentaje de gente con cada puntuación
Porcentaje por número respondido
Historial de tus puntuaciones
No has intentado esta prueba.